• 首页
  • 本馆介绍
  • 公告通知
  • 最新文献
  • 馆藏检索
  • 电子资源
  • 读者导购
  • 参考咨询
  • 我的图书馆
  • 登录
  • 详细信息显示
  • 放入我的书架
  • 预约/预借图书
  • 作者相关作品
  • 分类相关作品
  • 丛书相关作品
  • 出版社相关作品

书目信息

  • 表格格式
  • 工作单格式
  • 卡片格式
题名:
烹调原理
    
 
作者: 阎喜霜 主编
分册:  
出版信息: 北京   中国旅游出版社  2000.03
页数: 193页
开本: 20m
丛书名:
单 册:
中图分类: TS972.117
科图分类:
主题词: 烹饪--理论--中国
电子资源:
ISBN: 7-5019-2734-0
000 00848nam0 2200241 450
001 ZWTS00000177
005 20060829101740.42
010    @a7-5019-2734-0@dCNY16.00
100    @a20060815e2000 em y0chiy0110 ea
101 0  @achi
102    @aCN@b110000
105    @ay z 000yy
200 1  @a烹调原理@APeng Tiao Yuan Li@f阎喜霜主编@FYan Xi Shuang Zhu Bian
210    @a北京@c中国旅游出版社@d2000.03
215    @a193页@d20m
300    @a教育部高等职业教育教学改革试点专业 旅游服务与管理专业推荐教材
330    @a该书从生物学、生理学、生物化学、营养学、物理学、传热学、流体力学等角度,阐明了烹调的科学原理,解释了烹调工艺选择的理论依据及各种烹调现象等内容。
606 0  @a烹饪@x理论@y中国
690    @aTS972.117@v4
701  0 @a阎喜霜@AYan Xi Shuang@4主编
801  0 @aCN@bBZT@c20060829
905    @aBZT@dTS972.117@e1
906    @dCNY16.00@n0@r1
    
    烹调原理/阎喜霜主编.-北京:中国旅游出版社,2000.03
    193页;20m
    教育部高等职业教育教学改革试点专业 旅游服务与管理专业推荐教材
    
    ISBN 7-5019-2734-0:CNY16.00
    该书从生物学、生理学、生物化学、营养学、物理学、传热学、流体力学等角度,阐明了烹调的科学原理,解释了烹调工艺选择的理论依据及各种烹调现象等内容。
●
相关链接 在五车中查询图书 在当当中查询图书 在豆瓣中查询图书


正题名:烹调原理     索取号:TS972.117/1         预约/预借

序号 登录号 条形码 馆藏地/架位号 状态 备注
1 451674   230065810   中心书库中库/ 中库024架A面3列1层47/ [索取号:TS972.117/1] 在馆    
2 451675   230065809   中心书库中库/ 中库024架A面3列1层51/ [索取号:TS972.117/1] 在馆    
3 451676   230065808   中心书库中库/ 中库024架A面3列1层50/ [索取号:TS972.117/1] 在馆    
4 451677   230065806   中心书库中库/ 中库024架A面3列1层49/ [索取号:TS972.117/1] 在馆    
5 451678   230065807   中心书库中库/ 中库024架A面3列1层48/ [索取号:TS972.117/1] 在馆    
山东省滨州职业学院图书馆 欢迎您!
大连网信软件有限公司© 版权所有